<?xml version="1.0" encoding="UTF-8"?>
<resp>
  <nextPage>https://data.bn.org.pl/api/networks/bibs.marcxml?marc=001+b00001150002911&amp;sinceId=1150002912</nextPage>
  <collection>
    <record xmlns='http://www.loc.gov/MARC21/slim'><leader>01034namZa2200325ZiZ4500</leader><controlfield tag='001'>b00001150002911</controlfield><controlfield tag='005'>20260401103609.3</controlfield><controlfield tag='008'>230609s        pl           |000 0 pol c</controlfield><controlfield tag='009'>9913262108805606</controlfield><datafield ind1=' ' ind2=' ' tag='020'><subfield code='a'>9788372549570</subfield></datafield><datafield ind1=' ' ind2=' ' tag='035'><subfield code='a'>KR_1KR_1_20120317231236002072-48omnis_kr</subfield></datafield><datafield ind1=' ' ind2=' ' tag='035'><subfield code='a'>KR_1_20120317231236002072</subfield><subfield code='9'>ExL</subfield></datafield><datafield ind1=' ' ind2=' ' tag='035'><subfield code='a'>(PL)b00001150002911</subfield></datafield><datafield ind1=' ' ind2=' ' tag='040'><subfield code='a'>KR_1</subfield><subfield code='c'>KR_1</subfield></datafield><datafield ind1='1' ind2=' ' tag='041'><subfield code='a'>pol</subfield><subfield code='h'>eng</subfield></datafield><datafield ind1='1' ind2=' ' tag='100'><subfield code='a'>Gelsey, James</subfield></datafield><datafield ind1='1' ind2='0' tag='245'><subfield code='a'>Scooby-Doo i klątwa mściwej mumii /</subfield><subfield code='c'>James Gelsey ; [tł. Anna Cemeljić].</subfield></datafield><datafield ind1=' ' ind2=' ' tag='260'><subfield code='a'>Wrocław :</subfield><subfield code='b'>&quot;Siedmioróg&quot;,</subfield><subfield code='c'>2007.</subfield></datafield><datafield ind1=' ' ind2=' ' tag='300'><subfield code='a'>63 s. :</subfield><subfield code='b'>il. ;</subfield><subfield code='c'>20 cm</subfield></datafield><datafield ind1='1' ind2=' ' tag='490'><subfield code='a'>Scooby-Doo! Tajemnice</subfield></datafield><datafield ind1=' ' ind2=' ' tag='500'><subfield code='a'>d</subfield></datafield><datafield ind1=' ' ind2='9' tag='650'><subfield code='a'>Opowiadanie dziecięce amerykańskie</subfield><subfield code='y'>20 w.</subfield></datafield><datafield ind1='1' ind2=' ' tag='700'><subfield code='a'>Čemeljić, Anna</subfield><subfield code='e'>Tł.</subfield></datafield><datafield ind1=' ' ind2=' ' tag='852'><subfield code='b'>48OMNIS_NETWORK</subfield><subfield code='8'>9913262108805606</subfield></datafield><datafield ind1=' ' ind2=' ' tag='852'><subfield code='b'>48OMNIS_MBPG</subfield><subfield code='8'>991000428579708210</subfield></datafield><datafield ind1=' ' ind2=' ' tag='852'><subfield code='8'>22804443300008210</subfield><subfield code='j'>1</subfield><subfield code='b'>F20</subfield><subfield code='p'>10326710</subfield><subfield code='c'>lok20</subfield></datafield><datafield ind1=' ' ind2=' ' tag='920'><subfield code='a'>978-83-7254-957-0</subfield></datafield></record>
  </collection>
</resp>
